000 00310nam a2200133 i 4500
001 bg
100 1 _aNOWIŃSKI, K.
245 0 _aNietypowe, osobliwe, wyjątkowe /
_cK. Nowiński.
260 _aWarszawa,
_c1982.
040 _cBPK
041 _apol
942 _cKS
008 s pl f |000 0 pol
999 _c21136
_d21136
856 _uhttp://koha.tu.koszalin.pl/cgi-bin/koha/opac-detail.pl?biblionumber=21136
_yKatalog online BPK